Statistiques concernant Bande Organisée - Couplet 8 : Houari

Cliquez ici pour prendre le quiz!

Statistiques générales

  • Ce quiz a été pris 6 fois
  • Le résultat moyen est 100 sur 134

Statistiques - réponses

% Correct
allumes
100%
avait
100%
avait
100%
biche,
100%
bleu,
100%
bloc,
100%
c'est
100%
chacun
100%
Clio,
100%
dans
100%
dans
100%
dans
100%
de
100%
deux
100%
elle
100%
est
100%
et
100%
était
100%
était
100%
gens
100%
guerre
100%
Hier,
100%
jantes
100%
jaune,
100%
j'écoute
100%
j'étais
100%
j'évite
100%
J'fais
100%
J'suis
100%
J'suis
100%
la
100%
la
100%
la
100%
la
100%
le
100%
le
100%
le
100%
les
100%
les
100%
les
100%
ma
100%
ma
100%
mais
100%
Marie-Jeanne
100%
mèche
100%
Moi,
100%
on
100%
on
100%
pain,
100%
pas
100%
pas
100%
pas
100%
peu
100%
plein,
100%
pourquoi
100%
putas,
100%
que
100%
sa
100%
sur
100%
tu
100%
tu
100%
un
100%
un
100%
un,
100%
veux
100%
Wesh,
100%
wesh
100%
y
100%
Y
100%
zone,
100%
zone,
100%
a
50%
a
50%
a
50%
Au
50%
avec
50%
belek,
50%
bleu
50%
bon,
50%
Ca
50%
C'est
50%
c'est
50%
chant
50%
danse
50%
d'armes,
50%
de
50%
des
50%
des
50%
des
50%
déstresse
50%
d'la
50%
en
50%
espèces
50%
eu
50%
Fais
50%
flamme,
50%
fois,
50%
fumer
50%
gendarmes,
50%
GT
50%
ils
50%
j'paye
50%
j'voulais
50%
kich'
50%
la
50%
le
50%
les
50%
loin,
50%
mère,
50%
nique
50%
nouvelle
50%
paire,
50%
plata,
50%
Porsche
50%
pour
50%
quartier,
50%
"ratata"
50%
retour
50%
rien,
50%
sa
50%
sont
50%
sur
50%
tous
50%
traîtres,
50%
vente
50%
Y
50%
y
50%
y
50%
c'est
0%
en
0%
équipe
0%
fumar
0%
ma3lich
0%
mata
0%

Distribution des résultats

Percentile par nombre de réponses

% des personnes avec chaque résultat

Votre développement - résultats

Vous n’avez pas pris ce quiz